| 000 | 00811nam a22002415i 4500 | ||
|---|---|---|---|
| 999 |
_c7363 _d7363 |
||
| 003 | OSt | ||
| 005 | 20210928170518.0 | ||
| 008 | 210903s2021 sp 000 0 spa | ||
| 020 | _a9788417611729 | ||
| 035 | _a(SP-BaPL)pu210707590 | ||
| 040 |
_aDLC _beng _cDLC _erda |
||
| 042 | _apcc | ||
| 100 | 1 | _aGuifreu, Josep. | |
| 245 | 1 | 3 |
_aLa gramàtica del virus : _bel periodisme i la crònica general de la pandèmia / _cJosep Guifreu ; pròleg de Vicent Partal. |
| 264 | 1 |
_aBarcelona : _bSaldonar, _c2021. |
|
| 300 |
_a323 pàgines _c21 cm |
||
| 650 | 0 |
_94656 _aCOVID-19 (Malaltia) _xAspectes socials |
|
| 650 | 0 |
_92757 _aMitjans de comunicació de massa _xAspectes socials |
|
| 700 | 1 |
_93242 _aPartal, Vicent |
|
| 906 |
_a0 _bibc _corigres _du _encip _f20 _gy-gencatlg |
||
| 942 |
_2udc _cMON |
||